Click Me Five: Actors by Role Quiz Stats

 Plays Quiz Updated Oct 27, 2015

Support Sporcle.
Go Orange.
Score 0/55 Timer 07:00
10 Plays Today
% Correct
School of Rock
95.7%
Dead Poets Society
94.6%
Bad Teacher
94.6%
Dirty Dancing
89.7%
Black Swan
88.4%
Die Hard
86.4%
Raging Bull
85.8%
Back to the Future
85.7%
Milk
82.4%
Ghostbusters
81.9%
Walk the Line
81.5%
The Fighter
81.5%
Honey, I Shrunk the Kids
80.5%
Lincoln
77.2%
To Kill a Mockingbird
76.9%
Cinderella Man
76.3%
Young Frankenstein
74%
The Fly
73.1%
Dreamgirls
72.9%
Fargo
71.8%
Airplane!
71.4%
The American President
71.3%
Flashdance
70.5%
Dangerous Minds
70.5%
The Lincoln Lawyer
70.1%
The Departed
69.4%
Doc Hollywood
68.9%
The Hurricane
68.6%
% Correct
Platoon
67.2%
Doctor Zhivago
67.1%
Step Up
66.3%
Southpaw
66.2%
All the President's Men
63.1%
Blade Runner
63.1%
Three Kings
61%
Save the Last Dance
61%
Apocalypse Now
60.1%
The Bridge on the River Kwai
58.3%
No Country for Old Men
57%
Crazy Heart
56.9%
Invictus
55%
Freedom Writers
53.3%
Frost|Nixon
53%
The Cider House Rules
52.4%
Fear and Loathing in Las Vegas
52.4%
Full Metal Jacket
51.6%
This Is Spinal Tap
48.7%
The Runaways
44%
The People vs. Larry Flynt
42.6%
The Last King of Scotland
40.9%
Anatomy of a Murder
39.6%
Almost Famous
39.1%
Blood Diamond
36.3%
The Killing Fields
32.7%
Sleepers
22.7%

From the Vault

Celebrity Names by Clues

by MSUKent

We often define some of these celebrities using very different terms.
Remove Ads.
Support Sporcle.
Get the best of Sporcle when you Go Orange. This ad-free experience offers more features, more stats, and more fun while also helping to support Sporcle. Thank you for becoming a member.

Show Comments

Extras

Top Quizzes Today


Score Distribution

Your Account Isn't Verified!

In order to create a playlist on Sporcle, you need to verify the email address you used during registration. Go to your Sporcle Settings to finish the process.

Report this User

Report this user for behavior that violates our Community Guidelines.

Details: